000
00334nam a2200145Ia 4500
005
20251222152006.0
008
251222s9999||||xx |||||||||||||| ||spa||
020
_a
9507427694
082
_a
861.62/N44
100
_a
Neruda, Pablo
245
0
_a
Antología Poética
250
_a
1ra.ed.
264
_b
Planeta Bolsillo
942
_c
LIB
999
_c
24717
_d
24717